<?xml version="1.0" encoding="UTF-8"?>
<record
    xmlns:xsi="http://www.w3.org/2001/XMLSchema-instance"
    xsi:schemaLocation="http://www.loc.gov/MARC21/slim http://www.loc.gov/standards/marcxml/schema/MARC21slim.xsd"
    xmlns="http://www.loc.gov/MARC21/slim">

  <leader>00935nem a2200253 u 4500</leader>
  <controlfield tag="005">20160518102117.0</controlfield>
  <controlfield tag="008">160518b1993    -us||||| |a|| 00| 0 spa d</controlfield>
  <datafield tag="040" ind1=" " ind2=" ">
    <subfield code="a">CO-BoIAVH</subfield>
    <subfield code="c">CO-BoIAVH</subfield>
  </datafield>
  <datafield tag="041" ind1=" " ind2=" ">
    <subfield code="a">spa</subfield>
  </datafield>
  <datafield tag="044" ind1=" " ind2=" ">
    <subfield code="a">xxu</subfield>
  </datafield>
  <datafield tag="090" ind1=" " ind2=" ">
    <subfield code="a">MC-</subfield>
    <subfield code="b">0277</subfield>
  </datafield>
  <datafield tag="110" ind1="1" ind2=" ">
    <subfield code="a">Estados Unidos.</subfield>
    <subfield code="b">Defense Mapping Agency.</subfield>
    <subfield code="9">68837</subfield>
  </datafield>
  <datafield tag="245" ind1="1" ind2=" ">
    <subfield code="a">Medina :</subfield>
    <subfield code="b">Colombia.</subfield>
    <subfield code="c">preparado y publicado por Defense Mapping</subfield>
    <subfield code="h">[Material Cartografico]/</subfield>
  </datafield>
  <datafield tag="255" ind1=" " ind2=" ">
    <subfield code="a">1:100,000</subfield>
  </datafield>
  <datafield tag="260" ind1=" " ind2=" ">
    <subfield code="a">Estados Unidos :</subfield>
    <subfield code="b">Defense Mapping Agency,</subfield>
    <subfield code="c">1993.</subfield>
  </datafield>
  <datafield tag="300" ind1=" " ind2=" ">
    <subfield code="a">1 mapa :</subfield>
    <subfield code="b">color. ;</subfield>
    <subfield code="c"> 60 x 76 cm</subfield>
  </datafield>
  <datafield tag="650" ind1="1" ind2="6">
    <subfield code="a">Infraestructura.</subfield>
    <subfield code="z">Medina(Colombia).</subfield>
    <subfield code="v">Mapa</subfield>
    <subfield code="9">68838</subfield>
  </datafield>
  <datafield tag="650" ind1="1" ind2="6">
    <subfield code="a">Geograf&#xED;a.</subfield>
    <subfield code="z">Medina(Colombia).</subfield>
    <subfield code="v">Mapa</subfield>
    <subfield code="9">68839</subfield>
  </datafield>
  <datafield tag="650" ind1="1" ind2="6">
    <subfield code="a"> Recursos de la tierra.</subfield>
    <subfield code="z">Medina  (Colombia).</subfield>
    <subfield code="v">Mapa</subfield>
    <subfield code="9">68840</subfield>
  </datafield>
  <datafield tag="650" ind1="1" ind2="6">
    <subfield code="a">Carreteras.</subfield>
    <subfield code="z">Medina (Colombia).</subfield>
    <subfield code="v">Mapa</subfield>
    <subfield code="9">68841</subfield>
  </datafield>
  <datafield tag="650" ind1="1" ind2="6">
    <subfield code="a">Hidrograf&#xED;a.</subfield>
    <subfield code="z">Medina (Colombia).</subfield>
    <subfield code="v">Mapa</subfield>
    <subfield code="9">68842</subfield>
  </datafield>
  <datafield tag="651" ind1=" " ind2=" ">
    <subfield code="a">Colombia.</subfield>
    <subfield code="v">Mapa.</subfield>
    <subfield code="9">68843</subfield>
  </datafield>
  <datafield tag="942" ind1=" " ind2=" ">
    <subfield code="2">z</subfield>
    <subfield code="c">Mapa</subfield>
  </datafield>
  <datafield tag="999" ind1=" " ind2=" ">
    <subfield code="c">18637</subfield>
    <subfield code="d">18637</subfield>
  </datafield>
</record>
